000 00377nam a2200145Ia 4500
008 240624s9999 xx 000 0 und d
041 _aeng
082 _a346.082 TAN
100 _aTANNAN M L
245 _aTANNAN S STUDENT S GUIDE TO BANKING LAW
250 _a(20th ed.)
260 _c2004
_aNew Delhi
_bIndia Law House
300 _acxxi, : 1236 : p. : cm. ; 24
365 _cRS
999 _c2755
_d2755